Balance nacional de energía 1975 1994: Chile

Spremljeno u:
Bibliografski detalji
Autor kompanije: Comisión Nacional de Energía (Autor)
Format: Knjiga
Jezik:španjolski
Izdano: Santiago Comisión Nacional de Energía 1994
Teme:
Oznake: Dodaj oznaku
Bez oznaka, Budi prvi tko označuje ovaj zapis!

MARC

LEADER 00000nam a2200000 a 4500
001 UCU1333
003 CL-VaPUC
008 960404e19940000CL |||||||||||||||||spa|d
082 0 4 |a 333.79  |b COM  |2 21 
110 2 |a Comisión Nacional de Energía  |e author  |9 356960 
245 1 0 |a Balance nacional de energía 1975 1994: Chile 
300 |a 204 p 
942 |c BK 
945 |d 19960404 00:00:00  |a rbrito 
260 |a Santiago  |b Comisión Nacional de Energía  |c 1994 
650 0 |a Energía   |9 259431 
650 0 |a Recursos energéticos  |9 263206 
650 7 |a CONSUMO DE ENERGIA  |2 CL-VaPUC  |9 271590 
650 7 |a PETROLEO  |2 CL-VaPUC  |9 320865 
650 0 |a Gas natural  |9 263904 
650 7 |a CARBON  |2 CL-VaPUC  |9 268755 
650 0 |a Electricidad  |9 260222 
650 0 |a Balances  |9 356958 
651 7 |a CHILE  |2 CL-VaPUC  |9 356961 
583 |a last modification  |c 19960404 00:00:00  |k Rodrigo Vera 
999 |c 245987  |d 245985 
952 |0 0  |1 0  |4 0  |6 333_790000000000000_COM_1994  |7 0  |8 A  |9 260686  |a BIBING  |b BIBING  |d 2019-11-19  |i 318448K  |o 333.79 COM 1994  |p 318448K  |r 2025-01-20  |w 2019-11-19  |y BK  |k ING 
952 |0 0  |1 0  |4 0  |6 333_790000000000000_COM_1994  |7 0  |8 A  |9 260687  |a BIBMEC  |b BIBMEC  |d 2019-11-19  |i 328400K  |o 333.79 COM 1994  |p 328400K  |r 2019-11-19  |w 2019-11-19  |y BK  |k MEC